Văn kiện Đảng toàn tập. T.3, 1931 T.3

שמור ב:
מידע ביבליוגרפי
מחבר ראשי: Đảng Cộng sản Việt Nam
פורמט: ספר
יצא לאור: Chính trị Quốc gia 1999
תגים: הוספת תג
אין תגיות, היה/י הראשונ/ה לתייג את הרשומה!
Thư viện lưu trữ: Mạng thư viện Đại học Đà Nẵng
LEADER 00582nam a2200217 a 4500
001 000029594
003 23309
005 20171030145630.0
008 171030s1999
040 |a LTT 
082 0 |a 335.53  |b ĐAN 
100 1 |a Đảng Cộng sản Việt Nam 
245 0 0 |a Văn kiện Đảng toàn tập. T.3, 1931  |c Đảng Cộng sản Việt Nam.  |n T.3 
260 |b Chính trị Quốc gia  |c 1999 
OWN |a LTT 
999 |a From the UDN01 
TYP |a Monograph 
TYP |a Printed language 
980 |a Mạng thư viện Đại học Đà Nẵng